00898 2200325 4500001002100000005001500021035002000036007000300056008004100059040001700100100001200117245007600129250001000205300003600215020002200251041000800273082000800281084001400289090002000303260003600323500003100359650001200390700003500402850001000437990002500447990002500472990002500497990002500522990002500547INLIS00000000000213320260603101107 a0010-0120000576ta260603 0  aSBPUPADbInd0 aFamous51 aMe And My Hijab Syai'i Style /cFamous5; Penyunting: Septi Rina Susanti aCet.1 aiv, 60 hlm. :bilus. ;c21,5 cm a978-602-8453-92-907aInd a646 a646 FAM m a646 FAM m L21-1 aJakarta :bKriya Pustaka,c2013 aTentang Penulis, hlm 54-55 4aFashion0 aPenyunting, Septi Rina Susanti aPUPAD a30.803/APBD/DPK/2019 a30.804/APBD/DPK/2019 a30.805/APBD/DPK/2019 a30.806/APBD/DPK/2019 a30.806/APBD/DPK/2019